000 00785cab a2200229 4500
001 ABS40330
008 090401t1989 xxu||||| |||| 00| 0 eng d
035 _a(Sirsi) u23111
041 _aeng
100 _aAshley, S.
245 _aFactory finesse
260 _c1989
350 _a0
490 _aBuilding Services
_v11(2) February 1989, 23-27(5)
520 _aReviews the design of Spectrum 7 , a small industrial unit developed for Milton Keynes Energy Park . Illustrates how the energy requirements were achieved within normal cost limits. Explanatory diagrams and photos.
650 _aBUILT ENVIRONMENT-BUILDING COSTS
650 _aENERGY EFFICIENCY
650 _aSOLAR ENERGY
690 _aBUILT ENVIRONMENT-CONSTRUCTION DESIGN
942 _n0
948 _c04/03/1997
999 _c15482
_d15482